[Event "DVM U16 2023"]
[Site "Magdeburg GER"]
[Date "2023.12.29"]
[Round "5"]
[White "Korchynskyi, Mykola"]
[Black "Trenz, Finn"]
[Result "1-0"]
[Termination "normal"]
[Board "7.1"]
[WhiteElo "2196"]
[BlackElo "1884"]
[WhiteClock "00:24:09"]
[BlackClock "00:04:50"]
[WhiteTeam "SF Essen-Katernberg 04/32"]
[BlackTeam "SV Multatuli Ingelheim"]
[PlyCount "91"]
[WhiteFideId "34138005"]
[BlackFideId "16279379"]
[EventCountry "GER"]
[EventRounds "7"]
[EventType "team-swiss"]
[EventDate "2023.12.26"]

1. d4 {[%clk 01:30:39]} {[%emt 00:00:20]} Nf6 {[%clk 01:30:49]} {[%emt
00:00:12]} 2. c4 {[%clk 01:30:44]} {[%emt 00:00:24]} e5 {[%clk 01:31:06]}
{[%emt 00:00:13]} 3. dxe5 {[%clk 01:30:53]} {[%emt 00:00:21]} Ng4 {[%clk
01:31:31]} {[%emt 00:00:05]} 4. Bf4 {[%clk 01:23:12]} {[%emt 00:08:11]} Nc6
{[%clk 01:30:39]} {[%emt 00:01:22]} 5. Nf3 {[%clk 01:23:31]} {[%emt 00:00:11]}
Bb4+ {[%clk 01:30:48]} {[%emt 00:00:20]} 6. Nbd2 {[%clk 01:21:47]} {[%emt
00:02:15]} Qe7 {[%clk 01:30:05]} {[%emt 00:01:13]} 7. a3 {[%clk 01:20:05]}
{[%emt 00:02:12]} Ngxe5 {[%clk 01:26:04]} {[%emt 00:04:31]} 8. Nxe5 {[%clk
01:18:17]} {[%emt 00:02:18]} Nxe5 {[%clk 01:25:56]} {[%emt 00:00:38]} 9. e3
{[%clk 01:18:36]} {[%emt 00:00:10]} Bxd2+ {[%clk 01:25:20]} {[%emt 00:01:07]}
10. Qxd2 {[%clk 01:19:01]} {[%emt 00:00:04]} d6 {[%clk 01:24:20]} {[%emt
00:01:30]} 11. Be2 {[%clk 01:16:22]} {[%emt 00:03:10]} O-O {[%clk 01:24:19]}
{[%emt 00:00:31]} 12. O-O {[%clk 01:16:34]} {[%emt 00:00:16]} b6 {[%clk
01:20:41]} {[%emt 00:04:09]} 13. Rad1 {[%clk 01:08:27]} {[%emt 00:08:36]} Bb7
{[%clk 01:11:20]} {[%emt 00:09:52]} 14. Qc3 {[%clk 01:07:53]} {[%emt 00:01:04]}
f6 {[%clk 01:11:11]} {[%emt 00:00:39]} 15. Rd2 {[%clk 01:05:46]} {[%emt
00:02:37]} a5 {[%clk 01:09:04]} {[%emt 00:02:37]} 16. b4 {[%clk 01:03:58]}
{[%emt 00:02:17]} axb4 {[%clk 01:01:41]} {[%emt 00:07:54]} 17. axb4 {[%clk
01:04:22]} {[%emt 00:00:06]} Bc6 {[%clk 01:00:02]} {[%emt 00:02:09]} 18. Rc1
{[%clk 00:41:28]} {[%emt 00:23:24]} Nd7 {[%clk 00:40:20]} {[%emt 00:20:12]} 19.
Bd1 {[%clk 00:35:04]} {[%emt 00:06:55]} Ra7 {[%clk 00:35:18]} {[%emt 00:05:31]}
20. Bb3 {[%clk 00:34:32]} {[%emt 00:01:02]} Kh8 {[%clk 00:35:04]} {[%emt
00:00:44]} 21. Bc2 {[%clk 00:29:19]} {[%emt 00:05:42]} f5 {[%clk 00:28:44]}
{[%emt 00:06:52]} 22. f3 {[%clk 00:24:59]} {[%emt 00:04:50]} Qf6 {[%clk
00:22:21]} {[%emt 00:06:53]} 23. Qxf6 {[%clk 00:24:11]} {[%emt 00:01:19]} Rxf6
{[%clk 00:22:41]} {[%emt 00:00:09]} 24. Bd3 {[%clk 00:24:24]} {[%emt 00:00:15]}
h6 {[%clk 00:18:34]} {[%emt 00:04:40]} 25. h4 {[%clk 00:24:17]} {[%emt
00:00:36]} Ne5 {[%clk 00:18:28]} {[%emt 00:00:35]} 26. Bf1 {[%clk 00:22:33]}
{[%emt 00:02:14]} Ng6 {[%clk 00:12:36]} {[%emt 00:06:23]} 27. Bg3 {[%clk
00:21:46]} {[%emt 00:01:16]} f4 {[%clk 00:12:56]} {[%emt 00:00:11]} 28. exf4
{[%clk 00:21:28]} {[%emt 00:00:48]} Nxf4 {[%clk 00:13:17]} {[%emt 00:00:10]}
29. c5 {[%clk 00:21:26]} {[%emt 00:00:31]} bxc5 {[%clk 00:12:00]} {[%emt
00:01:48]} 30. bxc5 {[%clk 00:21:40]} {[%emt 00:00:16]} d5 {[%clk 00:11:28]}
{[%emt 00:01:02]} 31. Rb1 {[%clk 00:20:39]} {[%emt 00:01:31]} Ne6 {[%clk
00:06:37]} {[%emt 00:05:21]} 32. Rdb2 {[%clk 00:14:29]} {[%emt 00:06:40]} Kg8
{[%clk 00:05:57]} {[%emt 00:01:11]} 33. Bf2 {[%clk 00:12:04]} {[%emt 00:02:54]}
Rf8 {[%clk 00:05:34]} {[%emt 00:00:53]} 34. Re2 {[%clk 00:11:44]} {[%emt
00:00:49]} Kf7 {[%clk 00:05:17]} {[%emt 00:00:47]} 35. Rbe1 {[%clk 00:06:01]}
{[%emt 00:06:12]} Re8 {[%clk 00:05:27]} {[%emt 00:00:21]} 36. Re5 {[%clk
00:06:03]} {[%emt 00:00:28]} Ra5 {[%clk 00:04:22]} {[%emt 00:01:35]} 37. Rc1
{[%clk 00:04:45]} {[%emt 00:01:48]} Kf6 {[%clk 00:01:28]} {[%emt 00:03:25]} 38.
Rce1 {[%clk 00:02:17]} {[%emt 00:02:57]} Kf7 {[%clk 00:01:27]} {[%emt
00:00:31]} 39. g4 {[%clk 00:01:37]} {[%emt 00:01:10]} Re7 {[%clk 00:00:33]}
{[%emt 00:01:25]} 40. Bd3 {[%clk 00:00:56]} {[%emt 00:01:10]} Bd7 {[%clk
00:00:31]} {[%emt 00:00:32]} 41. h5 {[%clk 00:29:29]} {[%emt 00:01:57]} Kf8
{[%clk 00:19:03]} {[%emt 00:11:58]} 42. Bf5 {[%clk 00:25:35]} {[%emt 00:04:24]}
Ra6 {[%clk 00:18:09]} {[%emt 00:01:24]} 43. Bg6 {[%clk 00:23:10]} {[%emt
00:02:54]} c6 {[%clk 00:05:49]} {[%emt 00:12:50]} 44. Bh4 {[%clk 00:23:26]}
{[%emt 00:00:14]} Ra5 {[%clk 00:04:22]} {[%emt 00:01:56]} 45. Bxe7+ {[%clk
00:23:44]} {[%emt 00:00:12]} Kxe7 {[%clk 00:04:50]} {[%emt 00:00:03]} 46. Bf5
{[%clk 00:24:09]} {[%emt 00:00:05]} 1-0

[Event "DVM U16 2023"]
[Site "Magdeburg GER"]
[Date "2023.12.29"]
[Round "5"]
[White "Strauß, Florian"]
[Black "Berresheim, Nils"]
[Result "1/2-1/2"]
[Termination "normal"]
[Board "7.2"]
[WhiteElo "1454"]
[BlackElo "1772"]
[WhiteClock "00:39:33"]
[BlackClock "00:16:35"]
[WhiteTeam "SV Multatuli Ingelheim"]
[BlackTeam "SF Essen-Katernberg 04/32"]
[PlyCount "50"]
[WhiteFideId "16298047"]
[BlackFideId "16246306"]
[EventCountry "GER"]
[EventRounds "7"]
[EventType "team-swiss"]
[EventDate "2023.12.26"]

1. e4 {[%clk 01:30:58]} {[%emt 00:00:01]} c5 {[%clk 01:30:47]} {[%emt
00:00:14]} 2. c4 {[%clk 01:31:24]} {[%emt 00:00:04]} g6 {[%clk 01:28:09]}
{[%emt 00:03:08]} 3. g3 {[%clk 01:31:29]} {[%emt 00:00:24]} Bg7 {[%clk
01:27:35]} {[%emt 00:01:04]} 4. Bg2 {[%clk 01:31:40]} {[%emt 00:00:18]} Nc6
{[%clk 01:27:13]} {[%emt 00:00:53]} 5. Nc3 {[%clk 01:32:01]} {[%emt 00:00:09]}
e6 {[%clk 01:22:09]} {[%emt 00:05:34]} 6. Nge2 {[%clk 01:31:20]} {[%emt
00:01:10]} d6 {[%clk 01:18:39]} {[%emt 00:04:01]} 7. d3 {[%clk 01:31:30]}
{[%emt 00:00:20]} Nge7 {[%clk 01:18:01]} {[%emt 00:01:08]} 8. Be3 {[%clk
01:31:25]} {[%emt 00:00:35]} Nd4 {[%clk 01:15:04]} {[%emt 00:03:27]} 9. Rb1
{[%clk 01:31:09]} {[%emt 00:00:45]} Nec6 {[%clk 01:08:28]} {[%emt 00:07:07]}
10. a3 {[%clk 01:30:30]} {[%emt 00:01:09]} a5 {[%clk 01:06:52]} {[%emt
00:02:06]} 11. Nb5 {[%clk 01:29:10]} {[%emt 00:01:50]} Nxb5 {[%clk 01:03:15]}
{[%emt 00:04:07]} 12. cxb5 {[%clk 01:29:08]} {[%emt 00:00:32]} Nd4 {[%clk
01:01:31]} {[%emt 00:02:14]} 13. a4 {[%clk 01:27:25]} {[%emt 00:02:13]} Nxe2
{[%clk 00:47:58]} {[%emt 00:14:03]} 14. Qxe2 {[%clk 01:27:09]} {[%emt
00:00:46]} Rb8 {[%clk 00:44:57]} {[%emt 00:03:32]} 15. O-O {[%clk 01:26:23]}
{[%emt 00:01:15]} b6 {[%clk 00:42:23]} {[%emt 00:03:04]} 16. Rbd1 {[%clk
01:23:17]} {[%emt 00:03:35]} Bb7 {[%clk 00:39:40]} {[%emt 00:03:14]} 17. d4
{[%clk 01:19:35]} {[%emt 00:04:11]} Qe7 {[%clk 00:37:46]} {[%emt 00:02:24]} 18.
dxc5 {[%clk 01:07:10]} {[%emt 00:12:56]} dxc5 {[%clk 00:34:45]} {[%emt
00:03:31]} 19. Rd3 {[%clk 01:04:41]} {[%emt 00:02:59]} O-O {[%clk 00:31:52]}
{[%emt 00:03:24]} 20. Rfd1 {[%clk 01:03:00]} {[%emt 00:02:11]} Rbd8 {[%clk
00:29:34]} {[%emt 00:02:48]} 21. Qd2 {[%clk 00:59:06]} {[%emt 00:04:23]} Bf6
{[%clk 00:22:36]} {[%emt 00:07:28]} 22. Rxd8 {[%clk 00:40:32]} {[%emt
00:19:04]} Rxd8 {[%clk 00:21:20]} {[%emt 00:01:46]} 23. Qxd8+ {[%clk 00:39:39]}
{[%emt 00:01:23]} Qxd8 {[%clk 00:21:44]} {[%emt 00:00:06]} 24. Rxd8+ {[%clk
00:40:02]} {[%emt 00:00:07]} Bxd8 {[%clk 00:22:11]} {[%emt 00:00:03]} 25. Bf4
{[%clk 00:39:33]} {[%emt 00:01:00]} Kf8 {[%clk 00:16:35]} {[%emt 00:08:15]}
1/2-1/2

[Event "DVM U16 2023"]
[Site "Magdeburg GER"]
[Date "2023.12.29"]
[Round "5"]
[White "Goldkuhle, Collin"]
[Black "Yue, Qihang"]
[Result "1-0"]
[Termination "normal"]
[Board "7.3"]
[WhiteElo "1715"]
[BlackElo "1433"]
[WhiteClock "00:46:16"]
[BlackClock "00:06:44"]
[WhiteTeam "SF Essen-Katernberg 04/32"]
[BlackTeam "SV Multatuli Ingelheim"]
[PlyCount "73"]
[WhiteFideId "16271106"]
[BlackFideId "16278968"]
[EventCountry "GER"]
[EventRounds "7"]
[EventType "team-swiss"]
[EventDate "2023.12.26"]

1. e4 {[%clk 01:30:56]} {[%emt 00:00:03]} e5 {[%clk 01:30:52]} {[%emt
00:00:08]} 2. Nf3 {[%clk 01:31:20]} {[%emt 00:00:06]} Nc6 {[%clk 01:31:13]}
{[%emt 00:00:09]} 3. Bb5 {[%clk 01:31:47]} {[%emt 00:00:03]} a6 {[%clk
01:31:31]} {[%emt 00:00:12]} 4. Bxc6 {[%clk 01:32:11]} {[%emt 00:00:06]} dxc6
{[%clk 01:31:39]} {[%emt 00:00:22]} 5. d3 {[%clk 01:31:58]} {[%emt 00:00:44]}
Bg4 {[%clk 01:30:30]} {[%emt 00:01:39]} 6. Nbd2 {[%clk 01:32:10]} {[%emt
00:00:17]} Bc5 {[%clk 01:24:57]} {[%emt 00:06:02]} 7. h3 {[%clk 01:31:41]}
{[%emt 00:01:00]} Bxf3 {[%clk 01:24:41]} {[%emt 00:00:46]} 8. Nxf3 {[%clk
01:31:57]} {[%emt 00:00:15]} f6 {[%clk 01:22:28]} {[%emt 00:02:43]} 9. Bd2
{[%clk 01:30:26]} {[%emt 00:02:00]} Ne7 {[%clk 01:19:54]} {[%emt 00:03:04]} 10.
Bc3 {[%clk 01:29:14]} {[%emt 00:01:42]} Qd7 {[%clk 01:18:16]} {[%emt 00:02:08]}
11. Qe2 {[%clk 01:28:03]} {[%emt 00:01:42]} O-O-O {[%clk 01:14:18]} {[%emt
00:04:28]} 12. O-O-O {[%clk 01:27:52]} {[%emt 00:00:41]} Qe6 {[%clk 01:06:20]}
{[%emt 00:08:28]} 13. Kb1 {[%clk 01:27:42]} {[%emt 00:00:40]} Rd7 {[%clk
01:00:18]} {[%emt 00:06:31]} 14. Nd2 {[%clk 01:22:00]} {[%emt 00:06:13]} Rhd8
{[%clk 00:56:56]} {[%emt 00:03:52]} 15. Rdf1 {[%clk 01:19:43]} {[%emt
00:02:47]} Ng6 {[%clk 00:48:14]} {[%emt 00:09:12]} 16. g3 {[%clk 01:19:38]}
{[%emt 00:00:36]} Bd4 {[%clk 00:39:36]} {[%emt 00:09:07]} 17. Bxd4 {[%clk
01:18:19]} {[%emt 00:01:49]} Rxd4 {[%clk 00:39:35]} {[%emt 00:00:30]} 18. Nb3
{[%clk 01:18:34]} {[%emt 00:00:15]} R4d6 {[%clk 00:34:53]} {[%emt 00:05:11]}
19. Qe3 {[%clk 01:14:39]} {[%emt 00:04:25]} b6 {[%clk 00:33:47]} {[%emt
00:01:35]} 20. f4 {[%clk 01:13:08]} {[%emt 00:02:02]} exf4 {[%clk 00:32:35]}
{[%emt 00:01:42]} 21. gxf4 {[%clk 01:13:24]} {[%emt 00:00:14]} Qe7 {[%clk
00:31:06]} {[%emt 00:01:58]} 22. Qf3 {[%clk 01:12:37]} {[%emt 00:01:17]} Kb7
{[%clk 00:27:13]} {[%emt 00:04:23]} 23. Qh5 {[%clk 01:11:54]} {[%emt 00:01:12]}
Rh8 {[%clk 00:26:14]} {[%emt 00:01:30]} 24. Rhg1 {[%clk 01:11:48]} {[%emt
00:00:36]} Rdd8 {[%clk 00:23:18]} {[%emt 00:03:26]} 25. Qg4 {[%clk 01:08:19]}
{[%emt 00:03:58]} Rdg8 {[%clk 00:20:59]} {[%emt 00:02:48]} 26. Nd4 {[%clk
01:07:48]} {[%emt 00:01:02]} c5 {[%clk 00:19:18]} {[%emt 00:02:11]} 27. Nf5
{[%clk 01:05:06]} {[%emt 00:03:12]} Qd7 {[%clk 00:17:15]} {[%emt 00:02:33]} 28.
Qf3 {[%clk 00:59:57]} {[%emt 00:05:40]} Nf8 {[%clk 00:15:28]} {[%emt 00:02:16]}
29. Rg3 {[%clk 00:54:56]} {[%emt 00:05:31]} Ne6 {[%clk 00:14:38]} {[%emt
00:01:20]} 30. Qg2 {[%clk 00:49:36]} {[%emt 00:05:50]} b5 {[%clk 00:11:17]}
{[%emt 00:03:52]} 31. e5+ {[%clk 00:45:42]} {[%emt 00:04:24]} Kb8 {[%clk
00:10:27]} {[%emt 00:01:19]} 32. exf6 {[%clk 00:45:50]} {[%emt 00:00:23]} g6
{[%clk 00:09:36]} {[%emt 00:01:21]} 33. Ne7 {[%clk 00:45:38]} {[%emt 00:00:42]}
Rf8 {[%clk 00:08:03]} {[%emt 00:02:02]} 34. Nc6+ {[%clk 00:45:57]} {[%emt
00:00:12]} Kc8 {[%clk 00:07:09]} {[%emt 00:01:24]} 35. Ne5 {[%clk 00:46:23]}
{[%emt 00:00:04]} c6 {[%clk 00:06:23]} {[%emt 00:01:16]} 36. Nxd7 {[%clk
00:46:45]} {[%emt 00:00:08]} Kxd7 {[%clk 00:06:44]} {[%emt 00:00:08]} 37. f5
{[%clk 00:46:16]} {[%emt 00:00:59]} 1-0

[Event "DVM U16 2023"]
[Site "Magdeburg GER"]
[Date "2023.12.29"]
[Round "5"]
[White "González Peisker, Mateo"]
[Black "Lüersen, Lukas"]
[Result "0-1"]
[Termination "normal"]
[Board "7.4"]
[WhiteElo "1443"]
[BlackElo "1677"]
[WhiteClock "00:38:34"]
[BlackClock "00:02:15"]
[WhiteTeam "SV Multatuli Ingelheim"]
[BlackTeam "SF Essen-Katernberg 04/32"]
[PlyCount "72"]
[WhiteFideId "34610138"]
[BlackFideId "34628371"]
[EventCountry "GER"]
[EventRounds "7"]
[EventType "team-swiss"]
[EventDate "2023.12.26"]

1. c4 {[%clk 01:30:57]} {[%emt 00:00:02]} c5 {[%clk 01:30:52]} {[%emt
00:00:08]} 2. Nc3 {[%clk 01:30:47]} {[%emt 00:00:40]} Nc6 {[%clk 01:31:12]}
{[%emt 00:00:09]} 3. e4 {[%clk 01:30:40]} {[%emt 00:00:37]} g6 {[%clk
01:31:09]} {[%emt 00:00:33]} 4. g3 {[%clk 01:29:16]} {[%emt 00:01:54]} Bg7
{[%clk 01:31:25]} {[%emt 00:00:14]} 5. Bg2 {[%clk 01:28:43]} {[%emt 00:01:03]}
d6 {[%clk 01:31:39]} {[%emt 00:00:17]} 6. Nge2 {[%clk 01:28:45]} {[%emt
00:00:28]} e5 {[%clk 01:31:53]} {[%emt 00:00:16]} 7. O-O {[%clk 01:27:25]}
{[%emt 00:01:50]} Nge7 {[%clk 01:32:01]} {[%emt 00:00:22]} 8. d3 {[%clk
01:26:47]} {[%emt 00:01:09]} O-O {[%clk 01:32:02]} {[%emt 00:00:29]} 9. Be3
{[%clk 01:24:11]} {[%emt 00:03:06]} f5 {[%clk 01:30:47]} {[%emt 00:01:45]} 10.
f4 {[%clk 01:21:35]} {[%emt 00:03:06]} Be6 {[%clk 01:29:09]} {[%emt 00:02:08]}
11. Nd5 {[%clk 01:15:39]} {[%emt 00:06:27]} a6 {[%clk 01:26:22]} {[%emt
00:03:16]} 12. Nec3 {[%clk 01:15:10]} {[%emt 00:00:59]} Rb8 {[%clk 01:25:16]}
{[%emt 00:01:36]} 13. a4 {[%clk 01:15:25]} {[%emt 00:00:16]} Nd4 {[%clk
01:24:40]} {[%emt 00:01:05]} 14. Nxe7+ {[%clk 01:05:45]} {[%emt 00:10:11]} Qxe7
{[%clk 01:24:43]} {[%emt 00:00:27]} 15. Nd5 {[%clk 01:01:53]} {[%emt 00:04:22]}
Bxd5 {[%clk 01:12:29]} {[%emt 00:12:44]} 16. exd5 {[%clk 01:00:25]} {[%emt
00:01:58]} b5 {[%clk 01:09:09]} {[%emt 00:03:49]} 17. Bxd4 {[%clk 00:59:22]}
{[%emt 00:01:34]} cxd4 {[%clk 01:07:21]} {[%emt 00:02:18]} 18. cxb5 {[%clk
00:57:41]} {[%emt 00:02:11]} axb5 {[%clk 01:07:15]} {[%emt 00:00:36]} 19. b3
{[%clk 00:57:30]} {[%emt 00:00:42]} Rfc8 {[%clk 01:05:54]} {[%emt 00:01:50]}
20. Qd2 {[%clk 00:56:19]} {[%emt 00:01:41]} Rc3 {[%clk 01:02:11]} {[%emt
00:04:13]} 21. Rfb1 {[%clk 00:53:16]} {[%emt 00:03:34]} Qd7 {[%clk 00:52:50]}
{[%emt 00:09:50]} 22. a5 {[%clk 00:51:33]} {[%emt 00:02:14]} Rbc8 {[%clk
00:50:45]} {[%emt 00:02:34]} 23. Ra2 {[%clk 00:50:55]} {[%emt 00:01:08]} R8c7
{[%clk 00:46:08]} {[%emt 00:05:06]} 24. b4 {[%clk 00:50:14]} {[%emt 00:01:12]}
Qc8 {[%clk 00:44:02]} {[%emt 00:02:35]} 25. Rbb2 {[%clk 00:48:53]} {[%emt
00:01:52]} Bh6 {[%clk 00:23:44]} {[%emt 00:20:48]} 26. Bf3 {[%clk 00:47:57]}
{[%emt 00:01:26]} Bg7 {[%clk 00:11:50]} {[%emt 00:12:23]} 27. Bg2 {[%clk
00:46:20]} {[%emt 00:02:08]} Qd8 {[%clk 00:09:01]} {[%emt 00:03:19]} 28. Rb1
{[%clk 00:44:58]} {[%emt 00:01:53]} Bh6 {[%clk 00:08:53]} {[%emt 00:00:37]} 29.
Re1 {[%clk 00:39:05]} {[%emt 00:06:23]} exf4 {[%clk 00:03:19]} {[%emt
00:06:04]} 30. gxf4 {[%clk 00:39:23]} {[%emt 00:00:12]} Qh4 {[%clk 00:03:16]}
{[%emt 00:00:33]} 31. Re8+ {[%clk 00:38:32]} {[%emt 00:01:21]} Kg7 {[%clk
00:02:37]} {[%emt 00:01:07]} 32. Ra1 {[%clk 00:37:15]} {[%emt 00:01:50]} Bxf4
{[%clk 00:02:21]} {[%emt 00:00:45]} 33. Qe2 {[%clk 00:37:36]} {[%emt 00:00:09]}
Qxh2+ {[%clk 00:01:46]} {[%emt 00:01:04]} 34. Kf1 {[%clk 00:37:51]} {[%emt
00:00:16]} Rc1+ {[%clk 00:01:47]} {[%emt 00:00:28]} 35. Rxc1 {[%clk 00:38:14]}
{[%emt 00:00:11]} Rxc1+ {[%clk 00:02:15]} 36. Kf2 {[%clk 00:38:34]} {[%emt
00:00:10]} Qg3# {[%emt 00:00:37]} 0-1

[Event "DVM U16 2023"]
[Site "Magdeburg GER"]
[Date "2023.12.29"]
[Round "5"]
[White "Weeke, Tom"]
[Black "Honisch, Alexander"]
[Result "0-1"]
[Termination "normal"]
[Board "8.1"]
[WhiteElo "1330"]
[BlackElo "2155"]
[WhiteClock "00:41:53"]
[BlackClock "00:29:56"]
[WhiteTeam "Bielefelder SK 1883"]
[BlackTeam "SK Bebenhausen 1992"]
[PlyCount "48"]
[WhiteFideId "34607080"]
[BlackFideId "16298594"]
[EventCountry "GER"]
[EventRounds "7"]
[EventType "team-swiss"]
[EventDate "2023.12.26"]

1. e4 {[%clk 01:30:59]} e5 {[%clk 01:30:11]} {[%emt 00:00:50]} 2. Nf3 {[%clk
01:31:24]} {[%emt 00:00:04]} Nc6 {[%clk 01:30:00]} {[%emt 00:00:41]} 3. Bc4
{[%clk 01:31:50]} {[%emt 00:00:05]} Bc5 {[%clk 01:29:18]} {[%emt 00:01:11]} 4.
c3 {[%clk 01:32:15]} {[%emt 00:00:06]} Nf6 {[%clk 01:29:00]} {[%emt 00:00:47]}
5. b4 {[%clk 01:32:39]} {[%emt 00:00:06]} Bb6 {[%clk 01:17:36]} {[%emt
00:11:52]} 6. d3 {[%clk 01:32:34]} {[%emt 00:00:38]} d6 {[%clk 01:16:47]}
{[%emt 00:01:19]} 7. a4 {[%clk 01:32:03]} {[%emt 00:01:01]} a5 {[%clk
01:16:56]} {[%emt 00:00:21]} 8. b5 {[%clk 01:32:27]} {[%emt 00:00:06]} Ne7
{[%clk 01:17:22]} {[%emt 00:00:03]} 9. h3 {[%clk 01:30:09]} {[%emt 00:02:48]}
O-O {[%clk 01:16:25]} {[%emt 00:01:27]} 10. O-O {[%clk 01:26:56]} {[%emt
00:03:41]} Ng6 {[%clk 01:14:24]} {[%emt 00:02:33]} 11. Re1 {[%clk 01:24:15]}
{[%emt 00:03:12]} Re8 {[%clk 01:09:23]} {[%emt 00:05:31]} 12. Ng5 {[%clk
01:17:58]} {[%emt 00:06:46]} d5 {[%clk 01:01:36]} {[%emt 00:08:17]} 13. exd5
{[%clk 01:18:03]} {[%emt 00:00:25]} h6 {[%clk 01:01:31]} {[%emt 00:00:36]} 14.
Nf3 {[%clk 01:12:56]} {[%emt 00:05:35]} Nxd5 {[%clk 00:54:45]} {[%emt
00:07:17]} 15. Qb3 {[%clk 01:10:01]} {[%emt 00:03:26]} Be6 {[%clk 00:52:23]}
{[%emt 00:02:51]} 16. d4 {[%clk 00:56:10]} {[%emt 00:14:21]} exd4 {[%clk
00:50:59]} {[%emt 00:01:55]} 17. Nxd4 {[%clk 00:55:29]} {[%emt 00:01:10]} Bxd4
{[%clk 00:44:46]} {[%emt 00:06:44]} 18. cxd4 {[%clk 00:55:53]} {[%emt
00:00:05]} Ndf4 {[%clk 00:43:23]} {[%emt 00:01:54]} 19. Bxe6 {[%clk 00:47:37]}
{[%emt 00:08:46]} Rxe6 {[%clk 00:37:55]} {[%emt 00:05:57]} 20. Rxe6 {[%clk
00:47:59]} {[%emt 00:00:08]} Nxe6 {[%clk 00:38:16]} {[%emt 00:00:09]} 21. d5
{[%clk 00:47:58]} {[%emt 00:00:31]} Nef4 {[%clk 00:37:14]} {[%emt 00:01:32]}
22. Bxf4 {[%clk 00:45:43]} {[%emt 00:02:45]} Nxf4 {[%clk 00:36:51]} {[%emt
00:00:53]} 23. Qf3 {[%clk 00:45:48]} {[%emt 00:00:25]} Qf6 {[%clk 00:31:40]}
{[%emt 00:05:42]} 24. Nc3 {[%clk 00:41:53]} {[%emt 00:04:24]} Qxc3 {[%clk
00:29:56]} {[%emt 00:02:15]} 0-1

[Event "DVM U16 2023"]
[Site "Magdeburg GER"]
[Date "2023.12.29"]
[Round "5"]
[White "Kauth, Lukas"]
[Black "Borghini, Antoine"]
[Result "0-1"]
[Termination "normal"]
[Board "8.2"]
[WhiteElo "1696"]
[BlackElo "1709"]
[WhiteTeam "SK Bebenhausen 1992"]
[BlackTeam "Bielefelder SK 1883"]
[PlyCount "106"]
[WhiteFideId "16272994"]
[BlackFideId "34616144"]
[EventCountry "GER"]
[EventRounds "7"]
[EventType "team-swiss"]
[EventDate "2023.12.26"]

1. e4 e6 2. d4 d5 3. Nc3 Bb4 4. e5 c5 5. a3 Bxc3+ 6. bxc3 Ne7 7. h4 Qc7 8. Rh3
Bd7 9. Qg4 cxd4 10. Qxg7 Rg8 11. Qh6 Nbc6 12. Qh5 Qxe5+ 13. Qxe5 Nxe5 14. cxd4
Nc4 15. Rb3 Bc6 16. Bd3 f5 17. g3 {[%clk 01:30:30]} Nc8 {[%clk 01:30:30]} 18.
Bxc4 {[%clk 01:30:30]} dxc4 {[%clk 01:30:30]} 19. Re3 {[%clk 01:30:30]} Bd5
{[%clk 01:30:30]} 20. Nh3 {[%clk 01:30:30]} Kf7 {[%clk 01:30:30]} 21. Nf4
{[%clk 01:30:30]} Nb6 {[%clk 01:30:30]} 22. a4 {[%clk 01:30:30]} Rge8 {[%clk
01:30:30]} 23. a5 {[%clk 01:30:30]} Nd7 {[%clk 01:30:30]} 24. Rb1 {[%clk
01:30:30]} b6 {[%clk 01:30:30]} 25. axb6 {[%clk 01:30:30]} Nxb6 {[%clk
01:30:30]} 26. Rb5 {[%clk 01:30:30]} Rab8 {[%clk 01:30:30]} 27. Kd2 {[%clk
01:30:30]} a6 {[%clk 01:30:30]} 28. Ra5 {[%clk 01:30:30]} c3+ 29. Ke2 Nc4 30.
Nxd5 Nxa5 31. Nc7 Rec8 32. Nxa6 Rb2 33. Kd3 Nb7 34. Re5 Rb6 35. Nc5 Nxc5+ 36.
dxc5 Rb5 37. Be3 Rd8+ 38. Bd4 Rb4 39. Kxc3 Rbxd4 40. c6 R4d5 41. Re1 Rc8 42.
Ra1 Rxc6+ 43. Kb2 Rb5+ 44. Kc1 Rbc5 45. Ra2 Kf6 46. Kd2 Ke5 47. Ra8 Rxc2+ 48.
Ke1 Rb6 49. Ra5+ Ke4 50. f3+ Kxf3 51. Ra3+ Kg2 52. Kd1 Rf2 53. g4 Rb1# 0-1